[Event "ROM-ch U10"]
[Site "Baile Felix"]
[Date "2017.02.09"]
[Round "9"]
[White "Mainov, Stefan Gabriel"]
[Black "Lup, Constantin Ionel"]
[Result "1/2-1/2"]
[WhiteElo "1211"]
[BlackElo "1210"]
[PlyCount "91"]
[EventDate "2017.02.02"]
[EventType "swiss"]
[EventRounds "9"]
[EventCountry "ROU"]
[SourceTitle "CBM 176 Extra"]
[Source "ChessBase"]
[SourceDate "2017.03.02"]
[SourceVersion "1"]
[SourceVersionDate "2017.03.02"]
[SourceQuality "1"]

1. e4 c5 2. d4 cxd4 3. c3 g6 4. cxd4 d5 5. exd5 Nf6 6. Nc3 Bg7 7. Nf3 0-0 8. Bc4 Nbd7 9. 0-0 Nb6 10. Bb3 Nfxd5 11. Nxd5 Nxd5 12. Be3 Bf5 13. Rc1 Nb6 14. Re1 e6 15. Ne5 Rc8 16. f4 Qd6 17. g4 Be4 18. Bc2 Bxc2 19. Rxc2 Qd5 20. b3 Bxe5 21. fxe5 Qe4 22. Rxc8 Rxc8 23. Bg5 Qc2 24. Qe2 Nd5 25. Bh6 Qxe2 26. Rxe2 Rc3 27. Bg5 Rd3 28. Rd2 Rxd2 29. Bxd2 Kf8 30. Kf2 Ke7 31. h4 h5 32. Kf3 Kd7 33. a4 Kc6 34. Ba5 b6 35. Bd2 a6 36. gxh5 gxh5 37. Ke2 b5 38. axb5+ Kxb5 39. Kd3 a5 40. Kc2 a4 41. bxa4+ Kxa4 42. Bg5 Kb4 43. Kd3 Kb3 44. Be3 Nb4+ 45. Ke4 Kc4 46. Bg1 1/2-1/2

[Event "ROM-ch U08"]
[Site "Calimanesti Caciulata"]
[Date "2016.04.25"]
[Round "9"]
[White "Stoica, Matei Gabriel"]
[Black "Mainov, Stefan Gabriel"]
[Result "0-1"]
[WhiteElo "1065"]
[BlackElo "1199"]
[PlyCount "126"]
[EventDate "2016.04.18"]
[EventType "swiss"]
[EventRounds "9"]
[EventCountry "ROU"]
[SourceTitle "EXT 2017"]
[Source "ChessBase"]
[SourceDate "2016.10.25"]
[SourceVersion "1"]
[SourceVersionDate "2016.10.25"]
[SourceQuality "1"]

1. e4 e6 2. Nf3 d5 3. e5 c5 4. Bb5+ Bd7 5. Qe2 Nc6 6. Bxc6 Bxc6 7. d3 Ne7 8. 0-0 Nf5 9. h3 Be7 10. Rd1 0-0 11. c4 h6 12. cxd5 Bxd5 13. Nc3 a6 14. Nxd5 Qxd5 15. Be3 Rfe8 16. b3 Rac8 17. Rac1 b6 18. g4 Nxe3 19. Qxe3 Kh8 20. d4 cxd4 21. Rxc8 Rxc8 22. Rxd4 Qc5 23. Kg2 a5 24. Qf4 Kg8 25. Rd7 Rd8 26. Rxd8+ Bxd8 27. Qd4 Qxd4 28. Nxd4 Bc7 29. f4 Kf8 30. Kf3 Ke7 31. Ke4 f6 32. h4 g5 33. exf6+ Kxf6 34. fxg5+ hxg5 35. hxg5+ Kf7 36. Kf3 e5 37. Nf5 Kg6 38. Ne3 Kxg5 39. Nd5 Bd8 40. Ke4 Kxg4 41. Kxe5 Kf3 42. Kd4 Ke2 43. a3 Kd2 44. Kc4 Kc2 45. b4 Kb2 46. a4 Ka3 47. Kb5 Kb3 48. Nxb6 Bxb6 49. Kxb6 Kxb4 50. Kc6 Kxa4 51. Kc5 Kb3 52. Kd4 a4 53. Kd3 a3 54. Kd2 a2 55. Kc1 a1Q+ 56. Kd2 Kc4 57. Ke3 Qf1 58. Kd2 Kd4 59. Kc2 Qe1 60. Kb3 Qa5 61. Kb2 Kc4 62. Kb1 Kc3 63. Kc1 Qa1# 0-1